[Event "ODJM B 2023"]
[Site "Willingen GER"]
[Date "2023.05.28"]
[Round "1"]
[White "Stülcken, Philipp"]
[Black "Direk, Oguzhan"]
[Result "1-0"]
[Termination "normal"]
[Board "14"]
[WhiteElo "1617"]
[BlackElo "1553"]
[WhiteClock "00:24:13"]
[BlackClock "00:27:16"]
[PlyCount "105"]
[WhiteFideId "12986232"]
[BlackFideId "16294343"]
[EventCountry "GER"]
[EventRounds "9"]
[EventType "swiss"]
[EventDate "2023.05.27"]

1. c4 {[%clk 01:30:52] [%emt 00:00:07]} 1... e5 {[%clk 01:30:31] [%emt
00:00:30]} 2. Nc3 {[%clk 01:30:50] [%emt 00:00:32]} 2... Nc6 {[%clk 01:26:49]
[%emt 00:04:12]} 3. Nf3 {[%clk 01:29:27] [%emt 00:01:53]} 3... d6 {[%clk
01:21:23] [%emt 00:05:56]} 4. e4 {[%clk 01:25:38] [%emt 00:04:18]} 4... g6
{[%clk 01:14:51] [%emt 00:07:03]} 5. d3 {[%clk 01:19:02] [%emt 00:07:06]} 5...
Bg7 {[%clk 01:12:36] [%emt 00:02:46]} 6. Be2 {[%clk 01:18:56] [%emt 00:00:35]}
6... Nf6 {[%clk 01:10:35] [%emt 00:02:31]} 7. O-O {[%clk 01:17:27] [%emt
00:01:59]} 7... O-O {[%clk 01:08:56] [%emt 00:02:09]} 8. h3 {[%clk 01:12:15]
[%emt 00:05:42]} 8... Re8 {[%clk 01:06:00] [%emt 00:03:25]} 9. Be3 {[%clk
01:11:09] [%emt 00:01:36]} 9... Bd7 {[%clk 00:56:14] [%emt 00:10:17]} 10. Qd2
{[%clk 01:09:42] [%emt 00:01:57]} 10... Nd4 {[%clk 00:45:14] [%emt 00:11:30]}
11. Nxd4 {[%clk 01:05:21] [%emt 00:04:50]} 11... exd4 {[%clk 00:45:14] [%emt
00:00:31]} 12. Bxd4 {[%clk 01:05:34] [%emt 00:00:17]} 12... c5 {[%clk 00:42:58]
[%emt 00:02:46]} 13. Be3 {[%clk 01:05:43] [%emt 00:00:21]} 13... Qc7 {[%clk
00:40:17] [%emt 00:03:11]} 14. Bg5 {[%clk 00:59:09] [%emt 00:07:03]} 14... Bc6
{[%clk 00:39:37] [%emt 00:01:11]} 15. Bd1 {[%clk 00:48:23] [%emt 00:11:16]}
15... a6 {[%clk 00:35:13] [%emt 00:04:54]} 16. Rb1 {[%clk 00:36:06] [%emt
00:12:47]} 16... Nd7 {[%clk 00:32:48] [%emt 00:02:55]} 17. a3 {[%clk 00:29:26]
[%emt 00:07:10]} 17... b5 {[%clk 00:29:26] [%emt 00:03:52]} 18. Nd5 {[%clk
00:15:04] [%emt 00:14:52]} 18... Bxd5 {[%clk 00:29:01] [%emt 00:00:55]} 19.
cxd5 {[%clk 00:15:25] [%emt 00:00:09]} 19... Ne5 {[%clk 00:27:07] [%emt
00:02:24]} 20. f4 {[%clk 00:13:40] [%emt 00:02:14]} 20... Nd7 {[%clk 00:19:08]
[%emt 00:08:29]} 21. Bf3 {[%clk 00:12:55] [%emt 00:01:15]} 21... Rac8 {[%clk
00:18:27] [%emt 00:01:12]} 22. Rbc1 {[%clk 00:13:01] [%emt 00:00:24]} 22... a5
{[%clk 00:14:57] [%emt 00:04:32]} 23. Rc2 {[%clk 00:12:38] [%emt 00:01:21]}
23... b4 {[%clk 00:14:09] [%emt 00:01:18]} 24. axb4 {[%clk 00:09:07] [%emt
00:04:01]} 24... axb4 {[%clk 00:13:53] [%emt 00:00:46]} 25. Ra1 {[%clk
00:08:57] [%emt 00:00:40]} 25... Qb6 {[%clk 00:13:04] [%emt 00:01:19]} 26. Kh2
{[%clk 00:08:20] [%emt 00:01:06]} 26... Ra8 {[%clk 00:12:34] [%emt 00:01:01]}
27. Rcc1 {[%clk 00:08:08] [%emt 00:00:41]} 27... b3 {[%clk 00:11:41] [%emt
00:01:23]} 28. Bh4 {[%clk 00:07:07] [%emt 00:01:31]} 28... Ra2 {[%clk 00:11:38]
[%emt 00:00:34]} 29. Rab1 {[%clk 00:06:39] [%emt 00:00:58]} 29... Rea8 {[%clk
00:10:44] [%emt 00:01:24]} 30. Bf2 {[%clk 00:06:41] [%emt 00:00:27]} 30... Qa5
{[%clk 00:09:49] [%emt 00:01:26]} 31. Qxa5 {[%clk 00:05:26] [%emt 00:01:45]}
31... R8xa5 {[%emt 00:00:20]} 32. Bd1 {[%clk 00:04:17] [%emt 00:01:38]} 32...
Rb5 {[%clk 00:07:25] [%emt 00:03:05]} 33. d4 {[%clk 00:02:08] [%emt 00:02:39]}
33... cxd4 {[%clk 00:06:46] [%emt 00:01:09]} 34. Rc8+ {[%clk 00:02:29] [%emt
00:00:09]} 34... Nf8 {[%clk 00:06:26] [%emt 00:00:50]} 35. Be2 {[%clk 00:02:16]
[%emt 00:00:42]} 35... Rb7 {[%clk 00:05:56] [%emt 00:01:00]} 36. Bd3 {[%clk
00:02:26] [%emt 00:00:20]} 36... Bh6 {[%clk 00:04:22] [%emt 00:02:04]} 37. Kg3
{[%clk 00:02:12] [%emt 00:00:44]} 37... Bg7 {[%clk 00:04:34] [%emt 00:00:19]}
38. Rc4 {[%clk 00:01:47] [%emt 00:00:55]} 38... Nd7 {[%clk 00:03:11] [%emt
00:01:53]} 39. Rc8+ {[%clk 00:00:54] [%emt 00:01:23]} 39... Nf8 {[%clk
00:03:18] [%emt 00:00:23]} 40. Rc6 {[%clk 00:01:17] [%emt 00:00:07]} 40... g5
{[%clk 00:03:02] [%emt 00:00:46]} 41. Rxd6 {[%clk 00:01:16] [%emt 00:00:30]}
41... gxf4+ {[%clk 00:03:01] [%emt 00:00:32]} 42. Kxf4 {[%clk 00:01:36] [%emt
00:00:10]} 42... Ng6+ {[%clk 00:03:06] [%emt 00:00:25]} 43. Kf5 {[%clk
00:01:21] [%emt 00:00:45]} 43... Re7 {[%clk 00:02:31] [%emt 00:01:02]} 44. Rd8+
{[%clk 00:01:39] [%emt 00:00:15]} 44... Nf8 {[%clk 00:02:44] [%emt 00:00:17]}
45. Bg3 {[%clk 00:01:44] [%emt 00:00:25]} 45... Ra5 {[%clk 00:01:04] [%emt
00:01:45]} 46. Rc1 {[%clk 00:01:27] [%emt 00:01:11]} 46... Rb7 {[%clk 00:01:09]
[%emt 00:00:25]} 47. Bd6 {[%clk 00:01:20] [%emt 00:00:38]} 47... Ra2 {[%clk
00:30:18] [%emt 00:01:21]} 48. Rb1 {[%clk 00:29:44] [%emt 00:02:06]} 48... Ra5
{[%clk 00:30:45] [%emt 00:00:03]} 49. Be5 {[%clk 00:29:33] [%emt 00:00:40]}
49... Ra2 {[%clk 00:29:03] [%emt 00:02:13]} 50. Bd6 {[%clk 00:24:47] [%emt
00:05:16]} 50... Ra5 {[%clk 00:28:37] [%emt 00:00:55]} 51. Rc1 {[%clk 00:23:53]
[%emt 00:01:25]} 51... Ra4 {[%clk 00:26:59] [%emt 00:02:08]} 52. Rcc8 {[%clk
00:24:07] [%emt 00:00:15]} 52... Rd7 {[%clk 00:27:16] [%emt 00:00:13]} 53. Rxd7
{[%clk 00:24:13] [%emt 00:00:24]} 1-0

[Event "ODJM B 2023"]
[Site "Willingen GER"]
[Date "2023.05.28"]
[Round "1"]
[White "Laux, Filip"]
[Black "Kratz, Alexander"]
[Result "0-1"]
[Termination "normal"]
[Board "15"]
[WhiteElo "1407"]
[BlackElo "1773"]
[WhiteClock "00:22:29"]
[BlackClock "00:03:12"]
[PlyCount "72"]
[WhiteFideId "16275730"]
[BlackFideId "16228529"]
[EventCountry "GER"]
[EventRounds "9"]
[EventType "swiss"]
[EventDate "2023.05.27"]

1. e4 {[%clk 01:30:57] [%emt 00:00:01]} 1... c5 {[%clk 01:30:57] [%emt
00:00:05]} 2. Nf3 {[%clk 01:31:11] [%emt 00:00:14]} 2... a6 {[%clk 01:31:23]
[%emt 00:00:05]} 3. g3 {[%clk 01:31:17] [%emt 00:00:23]} 3... Nc6 {[%clk
01:31:47] [%emt 00:00:08]} 4. Bg2 {[%clk 01:31:17] [%emt 00:00:29]} 4... Nf6
{[%clk 01:31:38] [%emt 00:00:39]} 5. d3 {[%clk 01:31:23] [%emt 00:00:23]} 5...
g6 {[%clk 01:29:42] [%emt 00:02:27]} 6. O-O {[%clk 01:31:28] [%emt 00:00:25]}
6... d6 {[%clk 01:28:32] [%emt 00:01:40]} 7. c3 {[%clk 01:30:54] [%emt
00:01:03]} 7... Bg7 {[%clk 01:28:49] [%emt 00:00:14]} 8. Re1 {[%clk 01:30:25]
[%emt 00:00:58]} 8... Qc7 {[%clk 01:27:23] [%emt 00:01:57]} 9. Nbd2 {[%clk
01:29:48] [%emt 00:01:06]} 9... O-O {[%clk 01:24:25] [%emt 00:03:30]} 10. Nf1
{[%clk 01:25:02] [%emt 00:05:14]} 10... Rb8 {[%clk 01:21:53] [%emt 00:03:03]}
11. h4 {[%clk 01:23:43] [%emt 00:01:49]} 11... b5 {[%clk 01:20:54] [%emt
00:01:29]} 12. Ne3 {[%clk 01:22:18] [%emt 00:01:53]} 12... e5 {[%clk 01:16:19]
[%emt 00:05:06]} 13. Nh2 {[%clk 01:20:50] [%emt 00:01:58]} 13... Be6 {[%clk
01:04:57] [%emt 00:11:54]} 14. Neg4 {[%clk 01:08:42] [%emt 00:12:35]} 14...
Nxg4 {[%clk 01:04:06] [%emt 00:01:23]} 15. Nxg4 {[%clk 01:09:08] [%emt
00:00:03]} 15... f5 {[%clk 00:59:24] [%emt 00:05:13]} 16. exf5 {[%clk 01:05:41]
[%emt 00:03:57]} 16... gxf5 {[%clk 00:58:20] [%emt 00:01:35]} 17. Ne3 {[%clk
01:04:35] [%emt 00:01:34]} 17... Ne7 {[%clk 00:52:27] [%emt 00:06:24]} 18. Nf1
{[%clk 00:59:45] [%emt 00:05:19]} 18... Qd7 {[%clk 00:40:52] [%emt 00:12:06]}
19. Qe2 {[%clk 00:58:44] [%emt 00:01:29]} 19... Rbe8 {[%clk 00:29:49] [%emt
00:11:35]} 20. f4 {[%clk 00:53:02] [%emt 00:06:11]} 20... Nd5 {[%clk 00:26:43]
[%emt 00:03:37]} 21. Qf3 {[%clk 00:43:27] [%emt 00:10:04]} 21... Kh8 {[%clk
00:21:13] [%emt 00:06:00]} 22. Ne3 {[%clk 00:37:45] [%emt 00:06:10]} 22... exf4
{[%clk 00:17:42] [%emt 00:04:04]} 23. gxf4 {[%clk 00:36:07] [%emt 00:02:08]}
23... Bh6 {[%clk 00:15:45] [%emt 00:02:26]} 24. Nf1 {[%clk 00:33:00] [%emt
00:03:37]} 24... Rg8 {[%clk 00:15:51] [%emt 00:00:25]} 25. Nh2 {[%clk 00:32:22]
[%emt 00:01:07]} 25... Re7 {[%clk 00:11:15] [%emt 00:05:07]} 26. Bd2 {[%clk
00:30:06] [%emt 00:02:45]} 26... Reg7 {[%clk 00:10:25] [%emt 00:01:21]} 27. Re2
{[%clk 00:29:53] [%emt 00:00:43]} 27... Rg3 {[%clk 00:10:27] [%emt 00:00:28]}
28. Qf1 {[%clk 00:30:04] [%emt 00:00:19]} 28... Bxf4 {[%clk 00:03:28] [%emt
00:07:29]} 29. Bxf4 {[%clk 00:29:30] [%emt 00:01:04]} 29... Nxf4 {[%clk
00:03:50] [%emt 00:00:07]} 30. Qxf4 {[%clk 00:27:44] [%emt 00:02:16]} 30... Qg7
{[%clk 00:03:46] [%emt 00:00:35]} 31. Kf1 {[%clk 00:23:20] [%emt 00:04:54]}
31... Rxg2 {[%clk 00:03:42] [%emt 00:00:34]} 32. Rxg2 {[%clk 00:23:15] [%emt
00:00:35]} 32... Qxg2+ {[%clk 00:04:09]} 33. Ke1 {[%clk 00:23:32] [%emt
00:00:15]} 33... Re8 {[%clk 00:02:29] [%emt 00:02:11]} 34. Kd1 {[%clk 00:21:57]
[%emt 00:02:03]} 34... Bb3+ {[%clk 00:02:20] [%emt 00:00:42]} 35. axb3 {[%clk
00:22:12] [%emt 00:00:14]} 35... Qe2+ {[%clk 00:02:45] [%emt 00:00:05]} 36. Kc1
{[%clk 00:22:29] [%emt 00:00:10]} 36... Qe1+ {[%clk 00:03:12] [%emt 00:00:05]}
0-1

[Event "ODJM B 2023"]
[Site "Willingen GER"]
[Date "2023.05.28"]
[Round "1"]
[White "Khanbekyan, Areg"]
[Black "Brandt, Greta"]
[Result "1-0"]
[Termination "normal"]
[Board "16"]
[WhiteElo "1606"]
[BlackElo "1444"]
[WhiteClock "00:01:49"]
[BlackClock "00:26:54"]
[PlyCount "89"]
[WhiteFideId "12993727"]
[BlackFideId "34605860"]
[EventCountry "GER"]
[EventRounds "9"]
[EventType "swiss"]
[EventDate "2023.05.27"]

1. e4 {[%clk 01:30:44] [%emt 00:00:15]} 1... e6 {[%clk 01:30:53] [%emt
00:00:07]} 2. d4 {[%clk 01:30:43] [%emt 00:00:32]} 2... d5 {[%clk 01:31:16]
[%emt 00:00:06]} 3. Nc3 {[%clk 01:30:37] [%emt 00:00:36]} 3... Nf6 {[%clk
01:31:37] [%emt 00:00:09]} 4. Bg5 {[%clk 01:30:35] [%emt 00:00:33]} 4... Be7
{[%clk 01:31:59] [%emt 00:00:07]} 5. e5 {[%clk 01:30:40] [%emt 00:00:26]} 5...
Nfd7 {[%clk 01:32:20] [%emt 00:00:08]} 6. Bxe7 {[%clk 01:30:40] [%emt
00:00:30]} 6... Qxe7 {[%clk 01:32:43] [%emt 00:00:08]} 7. f4 {[%clk 01:28:35]
[%emt 00:02:35]} 7... a6 {[%clk 01:32:35] [%emt 00:00:39]} 8. Nf3 {[%clk
01:27:33] [%emt 00:01:31]} 8... c5 {[%clk 01:31:35] [%emt 00:01:29]} 9. Be2
{[%clk 01:25:02] [%emt 00:03:01]} 9... Nc6 {[%clk 01:31:18] [%emt 00:00:47]}
10. Qd2 {[%clk 01:22:40] [%emt 00:02:53]} 10... cxd4 {[%clk 01:30:47] [%emt
00:01:01]} 11. Nxd4 {[%clk 01:22:46] [%emt 00:00:24]} 11... Ndxe5 {[%clk
01:28:45] [%emt 00:02:31]} 12. Nf5 {[%clk 01:01:19] [%emt 00:21:57]} 12... exf5
{[%clk 01:24:31] [%emt 00:04:44]} 13. Nxd5 {[%clk 01:00:15] [%emt 00:01:35]}
13... Qd6 {[%clk 01:20:44] [%emt 00:04:16]} 14. fxe5 {[%clk 00:59:27] [%emt
00:01:19]} 14... Qxe5 {[%clk 01:20:21] [%emt 00:00:52]} 15. O-O-O {[%clk
00:58:32] [%emt 00:01:25]} 15... O-O {[%clk 01:18:54] [%emt 00:01:57]} 16. Rhe1
{[%clk 00:30:36] [%emt 00:28:26]} 16... Qd6 {[%clk 01:05:10] [%emt 00:14:14]}
17. Bh5 {[%clk 00:22:30] [%emt 00:08:36]} 17... Qc5 {[%clk 00:58:45] [%emt
00:06:55]} 18. Nc7 {[%clk 00:13:22] [%emt 00:09:39]} 18... Rb8 {[%clk 00:57:51]
[%emt 00:01:24]} 19. a3 {[%clk 00:10:39] [%emt 00:03:13]} 19... Na5 {[%clk
00:50:29] [%emt 00:07:51]} 20. Qd8 {[%clk 00:08:07] [%emt 00:03:02]} 20... Be6
{[%clk 00:49:46] [%emt 00:01:13]} 21. Nxe6 {[%clk 00:05:14] [%emt 00:03:24]}
21... fxe6 {[%clk 00:49:16] [%emt 00:01:00]} 22. Qd7 {[%clk 00:04:28] [%emt
00:01:15]} 22... Qc6 {[%clk 00:40:59] [%emt 00:08:45]} 23. Qxe6+ {[%clk
00:03:22] [%emt 00:01:38]} 23... Qxe6 {[%clk 00:41:18] [%emt 00:00:11]} 24.
Rxe6 {[%clk 00:03:51] [%emt 00:00:02]} 24... Rfd8 {[%clk 00:39:18] [%emt
00:02:29]} 25. Red6 {[%clk 00:01:50] [%emt 00:02:32]} 25... Nc6 {[%clk
00:36:33] [%emt 00:03:14]} 26. Rxd8+ {[%clk 00:01:51] [%emt 00:00:30]} 26...
Rxd8 {[%clk 00:36:57] [%emt 00:00:06]} 27. Rxd8+ {[%clk 00:02:17] [%emt
00:00:03]} 27... Nxd8 {[%clk 00:37:19] [%emt 00:00:08]} 28. Kd2 {[%clk
00:02:46] [%emt 00:00:02]} 28... g6 {[%clk 00:37:24] [%emt 00:00:24]} 29. Bf3
{[%clk 00:03:12] [%emt 00:00:04]} 29... Kf7 {[%clk 00:36:15] [%emt 00:01:39]}
30. Kd3 {[%clk 00:03:19] [%emt 00:00:23]} 30... Ke6 {[%clk 00:36:08] [%emt
00:00:37]} 31. Kd4 {[%clk 00:02:57] [%emt 00:00:53]} 31... Kd6 {[%clk 00:35:55]
[%emt 00:00:43]} 32. Bd5 {[%clk 00:02:08] [%emt 00:01:18]} 32... g5 {[%clk
00:33:45] [%emt 00:02:41]} 33. c4 {[%clk 00:01:57] [%emt 00:00:40]} 33... Nc6+
{[%clk 00:31:51] [%emt 00:02:24]} 34. Bxc6 {[%clk 00:01:14] [%emt 00:01:14]}
34... Kxc6 {[%clk 00:29:17] [%emt 00:03:03]} 35. Ke5 {[%clk 00:00:41] [%emt
00:01:04]} 35... f4 {[%clk 00:29:15] [%emt 00:00:31]} 36. b4 {[%clk 00:01:07]
[%emt 00:00:04]} 36... a5 {[%clk 00:28:13] [%emt 00:01:33]} 37. Kf5 {[%clk
00:01:17] [%emt 00:00:20]} 37... h6 {[%clk 00:28:37] [%emt 00:00:05]} 38. h3
{[%clk 00:00:53] [%emt 00:00:55]} 38... Kd6 {[%clk 00:26:28] [%emt 00:02:38]}
39. Kg6 {[%clk 00:01:14] [%emt 00:00:10]} 39... axb4 {[%clk 00:25:49] [%emt
00:01:08]} 40. axb4 {[%clk 00:01:38] [%emt 00:00:06]} 40... Ke5 {[%clk
00:26:06] [%emt 00:00:13]} 41. Kxh6 {[%clk 00:01:54] [%emt 00:00:15]} 41... Kf5
{[%clk 00:26:04] [%emt 00:00:31]} 42. c5 {[%clk 00:00:37] [%emt 00:01:48]}
42... g4 {[%clk 00:26:15] [%emt 00:00:18]} 43. hxg4+ {[%clk 00:01:02] [%emt
00:00:05]} 43... Kxg4 {[%clk 00:26:32] [%emt 00:00:13]} 44. b5 {[%clk 00:01:23]
[%emt 00:00:10]} 44... Kg3 {[%clk 00:26:54] [%emt 00:00:07]} 45. Kg5 {[%clk
00:01:49] [%emt 00:00:04]} 1-0